000 00616nam a22002297a 4500
003 dpl
005 20180601143907.0
008 180601b xxu||||| |||| 00| 0 eng d
010 _aA-994048
020 _c00.00
_a8120722442
022 _a8120722442
035 _aA-994048
037 _bBPPD/PUB
040 _c0
082 1 4 _a881
245 1 _aFiraq gorakhpuri selected poetry
_cby k.c. kanda
260 _aNew Delhi
_bA sterling paperback
_c2000
270 _aL-10, green park extension,
_bNew Delhi
_e110 016
300 _aviii,265p.
_c18 cm ( Hb)
700 1 _ak.c. kanda
942 _adpl
_cEN
_k881/KAN
_2ddc
999 _c152493
_d152493